| 000 | 00360nam a2200157Ia 4500 | ||
|---|---|---|---|
| 003 | OSt | ||
| 005 | 20240205160814.0 | ||
| 008 | 170523s9999 xx 000 0 und d | ||
| 020 | _a978-0793102754 | ||
| 040 | _ciimt university meerut | ||
| 100 | _aMORTELL | ||
| 245 | 0 | _aWORLD CLASS SELLING | |
| 260 | _bDELHI GLOBAL BOOKS | ||
| 260 | _c1991 | ||
| 942 |
_2ddc _c02 |
||
| 999 |
_c323 _d323 |
||